[Event "3. Campeonato de la Unión Europea"]
[Site "Arvier ITA"]
[Date "2007.06.23"]
[Round "9.10"]
[White "Piscopo, Pierluigi"]
[Black "Rombaldoni, Axel"]
[Result "1-0"]
[WhiteElo "2392"]
[BlackElo "2221"]
[PlyCount "77"]
[EventDate "2007.06.15"]
[EventType "swiss"]
[EventRounds "10"]
[EventCountry "ITA"]
[Source "lmi"]
[SourceDate "2007.06.15"]

1. e4 c5 2. Nf3 d6 3. c3 Nf6 4. Be2 Bd7 5. d3 g6 6. O-O Bg7 7. Re1 Nc6 8. Bf1
e5 9. h3 O-O 10. d4 cxd4 11. cxd4 exd4 12. Nxd4 Nxd4 13. Qxd4 Bc6 14. Qd3 Re8
15. Nc3 d5 16. e5 Ne4 17. f4 Qb6+ 18. Be3 Qa5 19. Nxe4 dxe4 20. Qb3 Red8 21.
Bc4 Kh8 22. Bxf7 Bf8 23. Qc2 Rd3 24. Kh2 Rad8 25. Qf2 Bb5 26. Qh4 Qc7 27. Bxg6
Bb4 28. Bxe4 Bxe1 29. Rxe1 R3d7 30. e6 Rg7 31. Qf6 Qd6 32. Bc5 Qd2 33. Bf8 Rxf8
34. Qxf8+ Rg8 35. Qf6+ Rg7 36. Qf8+ Rg8 37. Qh6 Rg7 38. Qh4 Qd6 39. Bf3 1-0

[Event "3. Campeonato de la Unión Europea"]
[Site "Arvier ITA"]
[Date "2007.06.23"]
[Round "9.11"]
[White "Foisor, Sabina Francesca"]
[Black "Llaneza Vega, Marcos"]
[Result "0-1"]
[WhiteElo "2333"]
[BlackElo "2455"]
[PlyCount "51"]
[EventDate "2007.06.15"]
[EventType "swiss"]
[EventRounds "10"]
[EventCountry "ITA"]
[Source "lmi"]
[SourceDate "2007.06.15"]

1. d4 Nf6 2. c4 g6 3. Nc3 d5 4. Nf3 Bg7 5. e3 O-O 6. b4 Bg4 7. Qb3 a5 8. b5 c5
9. bxc6 Nxc6 10. Ba3 a4 11. Qb2 Qa5 12. Nd2 e5 13. dxe5 d4 14. exd4 Nxd4 15.
Nb5 Rfe8 16. f4 Nxb5 17. Qxb5 Qc3 18. Bc5 Ne4 19. Rd1 Bxd1 20. Qb4 Qxb4 21.
Bxb4 Bc2 22. Nf3 Bf8 23. Bxf8 Kxf8 24. Nd4 Bb1 25. Be2 Red8 26. Nb5 0-1

[Event "3. Campeonato de la Unión Europea"]
[Site "Arvier ITA"]
[Date "2007.06.23"]
[Round "9.12"]
[White "Vezzosi, Paolo"]
[Black "Vocaturo, Daniele"]
[Result "1/2-1/2"]
[WhiteElo "2287"]
[BlackElo "2450"]
[PlyCount "138"]
[EventDate "2007.06.15"]
[EventType "swiss"]
[EventRounds "10"]
[EventCountry "ITA"]
[Source "lmi"]
[SourceDate "2007.06.15"]

1. d4 Nf6 2. c4 g6 3. Nc3 Bg7 4. e4 d6 5. Be2 O-O 6. Bg5 Na6 7. Nf3 h6 8. Bf4
e5 9. dxe5 Nh5 10. Be3 dxe5 11. Qc1 Kh7 12. O-O c6 13. Rd1 Qe7 14. c5 Nc7 15.
g3 Bg4 16. Nh4 Bxe2 17. Nxe2 Ne6 18. Qc4 Rad8 19. b4 Nd4 20. Rac1 Bf6 21. Bxd4
exd4 22. Nf3 Qxe4 23. Nfxd4 Rd7 24. Rd3 Rfd8 25. Re3 Qg4 26. Nf3 Qh3 27. Nf4
Nxf4 28. Qxf4 Rd1+ 29. Re1 Rxc1 30. Rxc1 Kg7 31. Re1 Rd5 32. Qc4 g5 33. Qc2 Qd7
34. Re2 Rd3 35. Rd2 Rxd2 36. Nxd2 Qd4 37. Nc4 Kf8 38. h3 h5 39. Qe2 h4 40. gxh4
gxh4 41. a3 b6 42. cxb6 axb6 43. Qf3 c5 44. bxc5 bxc5 45. Qb3 Qf4 46. Kg2 Bd4
47. Qf3 Qg5+ 48. Kh2 Qc1 49. Qa8+ Kg7 50. Qg2+ Kh6 51. Qc6+ f6 52. Ne3 Be5+ 53.
Kg2 Qxa3 54. Qe4 Qb4 55. Nc4 Kg7 56. Qg4+ Kf8 57. Qxh4 Qb7+ 58. Kg1 Qb1+ 59.
Kg2 Bd4 60. Nd6 Qg6+ 61. Qg4 Qxg4+ 62. hxg4 Ke7 63. Nf5+ Ke6 64. Nxd4+ cxd4 65.
f4 Kd5 66. Kf3 d3 67. Ke3 d2 68. Kxd2 Ke4 69. g5 fxg5 1/2-1/2

[Event "3. Campeonato de la Unión Europea"]
[Site "Arvier ITA"]
[Date "2007.06.23"]
[Round "9.13"]
[White "Tocchioni, Doriano"]
[Black "Borgo, Giulio"]
[Result "0-1"]
[WhiteElo "2247"]
[BlackElo "2418"]
[PlyCount "152"]
[EventDate "2007.06.15"]
[EventType "swiss"]
[EventRounds "10"]
[EventCountry "ITA"]
[Source "lmi"]
[SourceDate "2007.06.15"]

1. d4 d5 2. Nf3 Nf6 3. g3 Bf5 4. Bg2 c6 5. O-O e6 6. Nh4 Be4 7. f3 Bg6 8. Nxg6
hxg6 9. e4 c5 10. c4 dxc4 11. d5 e5 12. Na3 Nbd7 13. Bd2 a6 14. Nxc4 b5 15. Na5
c4 16. b4 Bd6 17. Nc6 Qb6+ 18. Kh1 Nb8 19. Na5 Ra7 20. Qe1 Rd7 21. a3 Qc7 22.
Be3 Rd8 23. Qf2 Rc8 24. Rac1 Qd7 25. Rfd1 Ng8 26. Bc5 Bxc5 27. bxc5 Qc7 28.
Nxc4 bxc4 29. Rxc4 Nf6 30. Qb2 O-O 31. c6 Qd6 32. Bh3 Rxc6 33. dxc6 Qxd1+ 34.
Kg2 Nxc6 35. Rxc6 Rd8 36. Rc8 Rxc8 37. Bxc8 Qd6 38. Bb7 g5 39. a4 a5 40. h3 Qc5
41. Ba6 Nd7 42. Qd2 Qc7 43. Bb5 Nf8 44. Qxg5 Qc2+ 45. Kf1 Qd1+ 46. Kf2 Qc2+ 47.
Kf1 Qc3 48. Qf5 Ne6 49. Be8 Qc7 50. h4 Kf8 51. Bb5 Nd4 52. Qd7 Qxd7 53. Bxd7
Nxf3 54. Ke2 Nd4+ 55. Kd3 Ke7 56. Bg4 Kd6 57. Kc4 f6 58. Bd1 Kc6 59. Bh5 Kd6
60. Bf7 Kc6 61. g4 Kd6 62. g5 fxg5 63. hxg5 Nf3 64. g6 Nd4 65. Bd5 Ne2 66. Kb5
Nc3+ 67. Kxa5 Kc5 68. Bb7 Kc4 69. Kb6 Nxa4+ 70. Kc7 Nc5 71. Kd6 Nxb7+ 72. Kxe5
Nc5 73. Kf5 Kd4 74. e5 Kd5 75. e6 Nxe6 76. Kg4 Ke5 0-1

[Event "3. Campeonato de la Unión Europea"]
[Site "Arvier ITA"]
[Date "2007.06.23"]
[Round "9.14"]
[White "Zimina, Olga"]
[Black "Daulyte, Deimante"]
[Result "1-0"]
[WhiteElo "2377"]
[BlackElo "2224"]
[PlyCount "101"]
[EventDate "2007.06.15"]
[EventType "swiss"]
[EventRounds "10"]
[EventCountry "ITA"]
[Source "lmi"]
[SourceDate "2007.06.15"]

1. e4 e5 2. Nf3 Nc6 3. Bb5 a6 4. Ba4 Nf6 5. O-O Be7 6. Re1 b5 7. Bb3 d6 8. c3
O-O 9. d4 Bg4 10. d5 Na5 11. Bc2 c5 12. h3 Bd7 13. Nxe5 dxe5 14. d6 Be6 15.
dxe7 Qxe7 16. Bg5 h6 17. Bh4 g5 18. Bg3 Rfd8 19. Qe2 Nc6 20. Nd2 Nh5 21. a4 b4
22. Nc4 Nxg3 23. fxg3 Bxc4 24. Qxc4 Rd2 25. Rac1 Na5 26. Qf1 b3 27. Bd1 Rxb2
28. Bh5 c4 29. Rcd1 Qa7+ 30. Kh2 Rf2 31. Qg1 b2 32. Rd7 Rxg2+ 33. Qxg2 Qxd7 34.
Qxb2 Rd8 35. Qb6 Nb3 36. Qxh6 Qe7 37. Rf1 Rd6 38. Bxf7+ Qxf7 39. Qxg5+ Qg7 40.
Qh5 Rd2+ 41. Kh1 Rd8 42. Rf5 Nc5 43. Rg5 Rd1+ 44. Kg2 Rd2+ 45. Kf1 Rd1+ 46. Ke2
Rd2+ 47. Ke1 Rd7 48. Qe8+ Kh7 49. Rh5+ Qh6 50. Rxh6+ Kxh6 51. Qf8+ 1-0

[Event "3. Campeonato de la Unión Europea"]
[Site "Arvier ITA"]
[Date "2007.06.23"]
[Round "9.15"]
[White "Calzetta, Monica"]
[Black "Brunello, Marina"]
[Result "1-0"]
[WhiteElo "2340"]
[BlackElo "1924"]
[PlyCount "101"]
[EventDate "2007.06.15"]
[EventType "swiss"]
[EventRounds "10"]
[EventCountry "ITA"]
[Source "lmi"]
[SourceDate "2007.06.15"]

1. e4 e5 2. Nf3 Nc6 3. Bb5 a6 4. Ba4 d6 5. c3 Bd7 6. d4 g6 7. O-O Bg7 8. Re1
Nge7 9. d5 Nb8 10. Bxd7+ Nxd7 11. c4 O-O 12. Be3 h6 13. Nfd2 f5 14. f3 f4 15.
Bf2 Rf7 16. Nc3 Bf8 17. b4 Rg7 18. c5 g5 19. Nc4 Ng6 20. c6 bxc6 21. dxc6 Nf6
22. Nd5 g4 23. Nxf6+ Qxf6 24. fxg4 h5 25. gxh5 Nh4 26. Bxh4 Qxh4 27. Rb1 Be7
28. Rb3 Kh8 29. Kh1 Rg3 30. Rxg3 fxg3 31. h3 Rf8 32. Ne3 Bg5 33. Nf5 Qf4 34.
Qd3 d5 35. Qxd5 Qf2 36. Rb1 Qc2 37. Rd1 Bf6 38. Qd2 Qxe4 39. Qh6+ Kg8 40. Qg6+
Kh8 41. Nxg3 Qxb4 42. Rd7 Be7 43. Qh6+ Kg8 44. Qe6+ Rf7 45. h6 Kf8 46. Rxc7 Qd4
47. Rc8+ Bd8 48. h7 Rxh7 49. Qf6+ Ke8 50. Qg6+ Rf7 51. c7 1-0

[Event "3. Campeonato de la Unión Europea"]
[Site "Arvier ITA"]
[Date "2007.06.23"]
[Round "9.17"]
[White "Brauer, Christian"]
[Black "Cocchi, Andrea"]
[Result "1/2-1/2"]
[WhiteElo "2132"]
[BlackElo "2321"]
[PlyCount "51"]
[EventDate "2007.06.15"]
[EventType "swiss"]
[EventRounds "10"]
[EventCountry "ITA"]
[Source "lmi"]
[SourceDate "2007.06.15"]

1. d4 g6 2. e4 Bg7 3. Nc3 d6 4. Be2 a6 5. a4 Nd7 6. f4 e5 7. fxe5 dxe5 8. d5
Ngf6 9. Nf3 Nc5 10. Nd2 O-O 11. b4 Ncd7 12. O-O Ne8 13. Nf3 Nd6 14. Ra3 h6 15.
Qe1 f5 16. Nh4 Qe8 17. Qg3 Kh7 18. exf5 gxf5 19. Qf3 e4 20. Qh5 Qxh5 21. Bxh5
Ne5 22. Ne2 Bf6 23. Bf4 Ndc4 24. Rh3 Bg5 25. Nd4 Bxh4 26. Rxh4 1/2-1/2

[Event "3. Campeonato de la Unión Europea"]
[Site "Arvier ITA"]
[Date "2007.06.23"]
[Round "9.18"]
[White "Friedrich, Norbert"]
[Black "Majer, Chris E"]
[Result "1-0"]
[WhiteElo "2317"]
[BlackElo "2036"]
[PlyCount "29"]
[EventDate "2007.06.15"]
[EventType "swiss"]
[EventRounds "10"]
[EventCountry "ITA"]
[Source "lmi"]
[SourceDate "2007.06.15"]

1. Nf3 Nf6 2. c4 c5 3. Nc3 Nc6 4. d4 cxd4 5. Nxd4 e6 6. a3 Be7 7. g3 a6 8. Bg2
Qc7 9. b3 O-O 10. Bb2 b6 11. O-O Bb7 12. e4 d6 13. Rc1 Rfd8 14. Nd5 Qb8 15.
Nxc6 1-0

[Event "3. Campeonato de la Unión Europea"]
[Site "Arvier ITA"]
[Date "2007.06.23"]
[Round "9.19"]
[White "Brancaleoni, Maurizio"]
[Black "Campbell, Ian"]
[Result "1/2-1/2"]
[WhiteElo "2263"]
[BlackElo "1996"]
[PlyCount "155"]
[EventDate "2007.06.15"]
[EventType "swiss"]
[EventRounds "10"]
[EventCountry "ITA"]
[Source "lmi"]
[SourceDate "2007.06.15"]

1. Nf3 e6 2. c4 d5 3. g3 Nf6 4. Bg2 c6 5. Qc2 Bd6 6. d4 O-O 7. O-O Nbd7 8. Bf4
Qc7 9. Bxd6 Qxd6 10. Nbd2 b6 11. Rac1 Bb7 12. e4 Nxe4 13. Nxe4 dxe4 14. Qxe4
Rac8 15. c5 Qc7 16. b4 Nf6 17. Qe2 b5 18. a3 Rcd8 19. Qe5 Qd7 20. Rcd1 h6 21.
Nh4 Nd5 22. Qe1 Rfe8 23. f4 Qc7 24. Qd2 Bc8 25. Nf3 Bd7 26. Rfe1 Re7 27. a4 a6
28. axb5 axb5 29. Ra1 Rb8 30. Ra5 Be8 31. Bh3 Rb7 32. Rea1 f6 33. Bg4 Bg6 34.
Qe1 Kf7 35. R5a3 Bf5 36. h3 Qc8 37. Ra8 Rb8 38. R8a7 Rbb7 39. Ra8 Rb8 40. R8a7
Rbb7 41. Rxb7 Qxb7 42. Nh4 Qd7 43. Ra8 Bxg4 44. hxg4 Nc7 45. Rh8 Qxd4+ 46. Kh2
Re8 47. Rxe8 Kxe8 48. g5 hxg5 49. fxg5 Ke7 50. gxf6+ gxf6 51. Qb1 f5 52. Qc1
Kd7 53. Ng6 Kc8 54. Qe1 Qf6 55. Ne5 Kb7 56. Kg1 Nd5 57. Nf3 Qg6 58. Nh4 Qg4 59.
Qxe6 Qxg3+ 60. Ng2 Qg4 61. Qd7+ Nc7 62. Kf2 Qxb4 63. Qxf5 Qd2+ 64. Kf1 Qd5 65.
Ne3 Qxf5+ 66. Nxf5 Ne6 67. Nd6+ Ka6 68. Ne4 b4 69. Ke2 Kb5 70. Kd2 Nxc5 71.
Nd6+ Ka4 72. Kc2 Ne6 73. Kd3 Nc5+ 74. Kc4 b3 75. Kxc5 b2 76. Ne4 Kb3 77. Nd2+
Kc2 78. Nc4 1/2-1/2

[Event "3. Campeonato de la Unión Europea"]
[Site "Arvier ITA"]
[Date "2007.06.23"]
[Round "9.20"]
[White "Schaefer, Michael"]
[Black "Astengo, Corrado"]
[Result "1-0"]
[WhiteElo "2228"]
[BlackElo "2110"]
[PlyCount "53"]
[EventDate "2007.06.15"]
[EventType "swiss"]
[EventRounds "10"]
[EventCountry "ITA"]
[Source "lmi"]
[SourceDate "2007.06.15"]

1. d4 d5 2. c4 c6 3. Nc3 Nf6 4. e3 a6 5. Qc2 b5 6. b3 Bg4 7. Nge2 e6 8. Ng3 Bd6
9. Bd3 e5 10. Nf5 Bxf5 11. Bxf5 e4 12. Bd2 Nbd7 13. cxd5 cxd5 14. Nxd5 Nxd5 15.
Qc6 Bb4 16. Qxd5 Bxd2+ 17. Kxd2 Qa5+ 18. Ke2 O-O 19. Bxd7 Qc3 20. Qxe4 Qb2+ 21.
Kf3 Rad8 22. Bf5 Rd6 23. Qc2 Qa3 24. Qc5 Qxc5 25. dxc5 Rd5 26. Bh3 Rxc5 27.
Rac1 1-0

[Event "3. Campeonato de la Unión Europea"]
[Site "Arvier ITA"]
[Date "2007.06.23"]
[Round "9.21"]
[White "Raineri, Valerio"]
[Black "Pantaleoni, Claudio"]
[Result "1-0"]
[WhiteElo "2123"]
[BlackElo "2219"]
[PlyCount "93"]
[EventDate "2007.06.15"]
[EventType "swiss"]
[EventRounds "10"]
[EventCountry "ITA"]
[Source "lmi"]
[SourceDate "2007.06.15"]

1. e4 c5 2. Nf3 e6 3. d4 cxd4 4. Nxd4 a6 5. Bd3 Bc5 6. Nb3 Be7 7. Qe2 d6 8. O-O
Nf6 9. f4 Qc7 10. Be3 Nbd7 11. c3 b6 12. N1d2 Bb7 13. Bc2 O-O 14. Bf2 e5 15.
Bg3 exf4 16. Bxf4 Ne5 17. Nd4 g6 18. h3 Rfe8 19. g4 Nfd7 20. Qf2 Bf8 21. Qg3
Bg7 22. Rf2 b5 23. Raf1 b4 24. Bb3 bxc3 25. bxc3 Rf8 26. Ne2 Kh8 27. Qe3 Rae8
28. Bh6 Qc5 29. Bxg7+ Kxg7 30. Nd4 d5 31. Bc2 Nc4 32. Nxc4 Qxc4 33. Rb1 Ba8 34.
Rb4 Qc7 35. Ne2 dxe4 36. Bxe4 Qe5 37. Ng3 Nf6 38. Re2 Nd5 39. Qf3 Nxb4 40. Bxa8
Qc5+ 41. Rf2 Nd3 42. Qxd3 Rxa8 43. Ne4 Qe5 44. Nf6 Rfc8 45. c4 Rab8 46. Nd7
Rb1+ 47. Qxb1 1-0

[Event "3. Campeonato de la Unión Europea"]
[Site "Arvier ITA"]
[Date "2007.06.23"]
[Round "9.22"]
[White "Borosova, Zuzana"]
[Black "Frontini, Fabio"]
[Result "1-0"]
[WhiteElo "2206"]
[BlackElo "1965"]
[PlyCount "57"]
[EventDate "2007.06.15"]
[EventType "swiss"]
[EventRounds "10"]
[EventCountry "ITA"]
[Source "lmi"]
[SourceDate "2007.06.15"]

1. e4 c6 2. Nc3 d5 3. d4 dxe4 4. Nxe4 Nf6 5. Ng3 Bg4 6. Qd3 e6 7. h3 Bh5 8.
Nxh5 Nxh5 9. Nf3 Bd6 10. g3 Qc7 11. Bg2 Nd7 12. O-O O-O-O 13. Bd2 h6 14. b4 g5
15. c4 Ndf6 16. c5 Bxg3 17. fxg3 Nxg3 18. Rfe1 g4 19. hxg4 Nxg4 20. b5 Nf5 21.
bxc6 Qg3 22. Re2 Nxd4 23. cxb7+ Kb8 24. c6 Rhg8 25. c7+ Kxc7 26. Qc4+ Kb8 27.
Nxd4 Ne5 28. Nc6+ Kxb7 29. Nxd8+ 1-0

[Event "3. Campeonato de la Unión Europea"]
[Site "Arvier ITA"]
[Date "2007.06.23"]
[Round "9.23"]
[White "Turturici, Pellegrino"]
[Black "Makka, Ioulia"]
[Result "0-1"]
[WhiteElo "2010"]
[BlackElo "2185"]
[PlyCount "38"]
[EventDate "2007.06.15"]
[EventType "swiss"]
[EventRounds "10"]
[EventCountry "ITA"]
[Source "lmi"]
[SourceDate "2007.06.15"]

1. Nf3 d5 2. d4 Nf6 3. e3 c6 4. c4 Bg4 5. cxd5 Bxf3 6. Qxf3 cxd5 7. Nc3 e6 8.
Bd3 Bd6 9. O-O Nc6 10. Rd1 a6 11. b3 Qc7 12. Qh3 Nb4 13. Ba3 Nxd3 14. Bxd6 Qxc3
15. Qg3 Rg8 16. Ba3 Rd8 17. Qh4 Qa5 18. Rxd3 Qxa3 19. Rc3 Kd7 0-1

[Event "3. Campeonato de la Unión Europea"]
[Site "Arvier ITA"]
[Date "2007.06.23"]
[Round "9.24"]
[White "Gorse, Gerard"]
[Black "Cazzaniga, Walter"]
[Result "1/2-1/2"]
[WhiteElo "2058"]
[BlackElo "2174"]
[PlyCount "61"]
[EventDate "2007.06.15"]
[EventType "swiss"]
[EventRounds "10"]
[EventCountry "ITA"]
[Source "lmi"]
[SourceDate "2007.06.15"]

1. d4 Nf6 2. c4 g6 3. g3 Bg7 4. Bg2 d6 5. Nf3 O-O 6. O-O c6 7. Nc3 a6 8. e4 b5
9. Qe2 bxc4 10. e5 Nd5 11. Qxc4 Nb6 12. Qe2 d5 13. Bg5 a5 14. Rfc1 Be6 15. b3
Na6 16. Na4 Nxa4 17. bxa4 Qd7 18. Rab1 Rfc8 19. a3 c5 20. Qb5 f6 21. exf6 exf6
22. Be3 c4 23. Ne1 Qf7 24. Qxa5 Nc5 25. Qb6 Nb3 26. Rxb3 cxb3 27. Rxc8+ Rxc8
28. Nd3 Bf8 29. Qxb3 Qd7 30. h4 Bf7 31. Nf4 1/2-1/2

[Event "3. Campeonato de la Unión Europea"]
[Site "Arvier ITA"]
[Date "2007.06.23"]
[Round "9.26"]
[White "Pepino, Enrico"]
[Black "Marguerettaz, Davy"]
[Result "1/2-1/2"]
[WhiteElo "2153"]
[BlackElo "2005"]
[PlyCount "66"]
[EventDate "2007.06.15"]
[EventType "swiss"]
[EventRounds "10"]
[EventCountry "ITA"]
[Source "lmi"]
[SourceDate "2007.06.15"]

1. e4 e6 2. d4 d5 3. Nc3 Bb4 4. Bd2 dxe4 5. Qg4 Nf6 6. Qxg7 Rg8 7. Qh6 Qxd4 8.
O-O-O Bf8 9. Qh4 Rg4 10. Qh3 Qxf2 11. Be2 Rh4 12. Qxh4 Qxh4 13. g3 Qh6 14. Bxh6
Bxh6+ 15. Kb1 Bd7 16. Nh3 Bc6 17. Rhf1 Nbd7 18. Nb5 Bxb5 19. Bxb5 c6 20. Be2
Nd5 21. Bh5 Ne5 22. Rfe1 e3 23. Be2 b5 24. Rd4 Bg7 25. Rh4 h6 26. Nf4 Rd8 27.
Nxd5 exd5 28. c3 a6 29. Bf1 c5 30. Rxe3 d4 31. cxd4 cxd4 32. Re1 d3 33. Rhe4 d2
1/2-1/2

[Event "3. Campeonato de la Unión Europea"]
[Site "Arvier ITA"]
[Date "2007.06.23"]
[Round "9.27"]
[White "Pace, Colin"]
[Black "Bossoni, Mario"]
[Result "1-0"]
[WhiteElo "2146"]
[BlackElo "1964"]
[PlyCount "59"]
[EventDate "2007.06.15"]
[EventType "swiss"]
[EventRounds "10"]
[EventCountry "ITA"]
[Source "lmi"]
[SourceDate "2007.06.15"]

1. e4 c5 2. Nf3 e6 3. d4 cxd4 4. Nxd4 Nf6 5. Nc3 d6 6. Bc4 Nc6 7. Be3 Be7 8.
O-O a6 9. Bb3 O-O 10. f4 Nxd4 11. Bxd4 b5 12. e5 dxe5 13. fxe5 Nd7 14. Qf3 Nb6
15. Rad1 Qc7 16. Ne4 Bb7 17. Qg4 Bxe4 18. Qxe4 Bc5 19. c3 Rad8 20. Rf3 Bxd4+
21. cxd4 g6 22. Qh4 Nd5 23. Rh3 f5 24. exf6 Rf7 25. Rf3 Qd7 26. Qg5 Nc7 {
Rd3 Re8} 27. Qe5 a5 28. a3 {Ref8 Rf3 Rd8 Re3} Re8 29. Re1 Qc6 30. Rc3 1-0

[Event "3. Campeonato de la Unión Europea"]
[Site "Arvier ITA"]
[Date "2007.06.23"]
[Round "9.28"]
[White "Astengo, Marcello"]
[Black "Diotallevi, Maurizio"]
[Result "1/2-1/2"]
[WhiteElo "2061"]
[BlackElo "2137"]
[PlyCount "102"]
[EventDate "2007.06.15"]
[EventType "swiss"]
[EventRounds "10"]
[EventCountry "ITA"]
[Source "lmi"]
[SourceDate "2007.06.15"]

1. d4 d5 2. c4 e6 3. Nc3 Nf6 4. Bf4 c6 5. e3 Nbd7 6. Nf3 Be7 7. Bd3 Nh5 8. Be5
Nxe5 9. Nxe5 Nf6 10. O-O O-O 11. Rc1 g6 12. Qe2 Kg7 13. Rfd1 Bd7 14. e4 dxe4
15. Nxe4 Nxe4 16. Bxe4 Qc7 17. Nxd7 Qxd7 18. d5 exd5 19. cxd5 c5 20. d6 Bxd6
21. Qd3 Rad8 22. Rxc5 Qe7 23. Rd5 Rfe8 24. Bf3 Qe1+ 25. Rxe1 Rxe1+ 26. Qf1
Rxf1+ 27. Kxf1 b6 28. g3 Kf6 29. Bg4 Ke7 30. Ke2 f5 31. Bf3 Rc8 32. Kd1 Rc4 33.
Be2 Ra4 34. a3 Re4 35. f3 Re3 36. Rd3 Re5 37. Kd2 Bc5 38. f4 Re6 39. Bf3 Bg1
40. h3 Bh2 41. Re3 Bxg3 42. Rxe6+ Kxe6 43. Ke3 h6 44. Bd1 g5 45. fxg5 hxg5 46.
b3 a5 47. a4 Ke5 48. Bh5 Bf4+ 49. Kf3 Bc1 50. Bf7 Kf6 51. Bc4 Ke5 1/2-1/2

[Event "3. Campeonato de la Unión Europea"]
[Site "Arvier ITA"]
[Date "2007.06.23"]
[Round "9.30"]
[White "Brigati, Alessandro"]
[Black "Pipitone, Antonio"]
[Result "1/2-1/2"]
[WhiteElo "2093"]
[BlackElo "1994"]
[PlyCount "112"]
[EventDate "2007.06.15"]
[EventType "swiss"]
[EventRounds "10"]
[EventCountry "ITA"]
[Source "lmi"]
[SourceDate "2007.06.15"]

1. d4 Nf6 2. Nf3 g6 3. Bf4 Bg7 4. e3 d6 5. h3 Nbd7 6. c3 c5 7. Bc4 O-O 8. Nbd2
d5 9. Bd3 b6 10. O-O Bb7 11. Qe2 Re8 12. Rad1 Nh5 13. Bh2 e5 14. dxe5 Nxe5 15.
Nxe5 Bxe5 16. Bxe5 Rxe5 17. Nf3 Nf4 18. Qc2 Nxd3 19. Qxd3 Re8 20. Rd2 Qf6 21.
Rfd1 h6 22. b4 Rac8 23. a4 Rc7 24. a5 Rce7 25. axb6 axb6 26. bxc5 bxc5 27. Rb1
d4 28. Rxb7 Rxb7 29. cxd4 cxd4 30. Nxd4 Reb8 31. Qe2 Rb1+ 32. Kh2 Qd6+ 33. g3
Qa3 34. Rc2 R1b2 35. Rxb2 Rxb2 36. Qe1 Qd3 37. Kg2 Qe4+ 38. Nf3 Rb5 39. g4 h5
40. Qc3 hxg4 41. Qc8+ Kg7 42. hxg4 Qb7 43. Qxb7 Rxb7 44. Nd4 Rb2 45. Kg3 Rd2
46. g5 Kf8 47. f4 Ke7 48. Kf3 Kd6 49. Ke4 Rg2 50. Nf3 Ke6 51. Ne5 Rg3 52. Kd4
f6 53. gxf6 Kxf6 54. Ke4 Rg2 55. Nd7+ Ke6 56. Ne5 Kf6 1/2-1/2

[Event "3. Campeonato de la Unión Europea"]
[Site "Arvier ITA"]
[Date "2007.06.23"]
[Round "9.31"]
[White "Tate, Alan"]
[Black "Dubois, Martine"]
[Result "1-0"]
[WhiteElo "2058"]
[BlackElo "2092"]
[PlyCount "62"]
[EventDate "2007.06.15"]
[EventType "swiss"]
[EventRounds "10"]
[EventCountry "ITA"]
[Source "lmi"]
[SourceDate "2007.06.15"]

1. e4 Nf6 2. e5 Nd5 3. d4 d6 4. c4 Nb6 5. exd6 exd6 6. Nc3 Nc6 7. Be2 Be7 8.
Nf3 O-O 9. O-O Bg4 10. b3 Bf6 11. Be3 d5 12. c5 Nc8 13. h3 Be6 14. b4 a6 15. a3
N8e7 16. g4 Ng6 17. Nh2 Re8 18. Qd2 Bc8 19. Bf3 Be6 20. Rad1 Nh4 21. Be2 Be7
22. f4 f5 23. Bf2 g5 24. Bxh4 gxh4 25. g5 h6 26. Nf3 Kh7 27. Kh1 hxg5 28. fxg5
Rg8 29. Rg1 Rg7 30. Qf4 Qh8 31. Bd3 Rf7 1-0

[Event "3. Campeonato de la Unión Europea"]
[Site "Arvier ITA"]
[Date "2007.06.23"]
[Round "9.32"]
[White "Marozzi, Giovanni"]
[Black "Almond, Richard"]
[Result "0-1"]
[WhiteElo "2055"]
[BlackElo "2088"]
[PlyCount "56"]
[EventDate "2007.06.15"]
[EventType "swiss"]
[EventRounds "10"]
[EventCountry "ITA"]
[Source "lmi"]
[SourceDate "2007.06.15"]

1. d4 d5 2. c3 Nf6 3. Bf4 e6 4. Nd2 Be7 5. Ngf3 O-O 6. e3 b6 7. Bd3 Bb7 8. Qc2
c5 9. dxc5 bxc5 10. c4 Nc6 11. a3 a5 12. O-O a4 13. e4 dxe4 14. Nxe4 Nxe4 15.
Bxe4 f5 16. Rad1 Qb6 17. Bd3 Bf6 18. Rfe1 Nd4 19. Nxd4 Bxd4 20. Rd2 e5 21. Rxe5
Bxe5 22. Bxe5 Rfe8 23. f4 g6 24. Bxf5 gxf5 25. Rd6 Be4 26. Qf2 Qb3 27. Rd7 Rxe5
28. Qh4 Qe3+ 0-1

[Event "3. Campeonato de la Unión Europea"]
[Site "Arvier ITA"]
[Date "2007.06.23"]
[Round "9.33"]
[White "De Marco, Walter"]
[Black "Agrest, Inna"]
[Result "0-1"]
[WhiteElo "1992"]
[BlackElo "2069"]
[PlyCount "50"]
[EventDate "2007.06.15"]
[EventType "swiss"]
[EventRounds "10"]
[EventCountry "ITA"]
[Source "lmi"]
[SourceDate "2007.06.15"]

1. b3 e5 2. Bb2 Nc6 3. e3 Nf6 4. Bb5 d6 5. Ne2 Bd7 6. O-O Be7 7. d4 e4 8. Ng3
h5 9. Nd2 d5 10. a3 h4 11. Nh1 Bd6 12. Be2 Ne7 13. c4 c6 14. f3 Nf5 15. Qc1 Qb8
16. fxe4 Bxh2+ 17. Kf2 Bg3+ 18. Kg1 Nxe3 19. Rf3 Bh2+ 20. Kf2 Nfg4+ 21. Ke1
Nxg2+ 22. Kd1 N4e3+ 23. Rxe3 Nxe3+ 24. Ke1 Bg3+ 25. Nf2 Bxf2+ 0-1

[Event "3. Campeonato de la Unión Europea"]
[Site "Arvier ITA"]
[Date "2007.06.23"]
[Round "9.35"]
[White "Maahs, Erich"]
[Black "Colombrini, Adolfo"]
[Result "1/2-1/2"]
[WhiteElo "2193"]
[BlackElo "1972"]
[PlyCount "59"]
[EventDate "2007.06.15"]
[EventType "swiss"]
[EventRounds "10"]
[EventCountry "ITA"]
[Source "lmi"]
[SourceDate "2007.06.15"]

1. e4 e6 2. d4 d5 3. Nd2 dxe4 4. Nxe4 Bd7 5. Nf3 Bc6 6. Bd3 Nd7 7. O-O Be7 8.
b3 Ngf6 9. Ng3 O-O 10. Bb2 Bxf3 11. Qxf3 c6 12. c4 Re8 13. Rfe1 Bf8 14. Rad1
Qa5 15. Bb1 Rad8 16. Re2 Ba3 17. Ba1 Bf8 18. a4 Qg5 19. h3 Qa5 20. Ne4 Nxe4 21.
Rxe4 Nf6 22. Re5 Qc7 23. Rg5 Qe7 24. Re1 g6 25. d5 Nxd5 26. Rxd5 cxd5 27. Bf6
Qb4 28. Bc3 Qe7 29. Bf6 Qb4 30. Bc3 1/2-1/2

[Event "3. Campeonato de la Unión Europea"]
[Site "Arvier ITA"]
[Date "2007.06.23"]
[Round "9.36"]
[White "Agrest, Roman"]
[Black "Giacometto, Mario"]
[Result "1-0"]
[WhiteElo "2161"]
[BlackElo "1931"]
[PlyCount "129"]
[EventDate "2007.06.15"]
[EventType "swiss"]
[EventRounds "10"]
[EventCountry "ITA"]
[Source "lmi"]
[SourceDate "2007.06.15"]

1. b4 e5 2. Bb2 f6 3. e4 Bxb4 4. Bc4 Ne7 5. Qh5+ Ng6 6. f4 exf4 7. Nh3 Nc6 8.
Nxf4 Qe7 9. Kd1 Nce5 10. Bb3 d5 11. Bxe5 Qxe5 12. Qxe5+ Nxe5 13. Nxd5 Bd6 14.
h3 h5 15. Nbc3 Bd7 16. d4 Nf7 17. Rf1 Rf8 18. Nf4 Bxf4 19. Rxf4 O-O-O 20. Nd5
Be8 21. c3 Rd7 22. Kc2 Ng5 23. Kb2 c6 24. Ne3 Bf7 25. Bc2 Ne6 26. Rf2 Bg8 27.
Raf1 Rdf7 28. Bb3 Re7 29. e5 Ng5 30. Nf5 Rd7 31. Nd6+ Kc7 32. h4 Bxb3 33. hxg5
Be6 34. gxf6 gxf6 35. Rxf6 Rxf6 36. Ne8+ Kd8 37. Nxf6 Rf7 38. Rf3 Rg7 39. g3
Bg4 40. Re3 Ke7 41. c4 Rg5 42. Kc3 Rf5 43. Kd3 Rf2 44. a3 Ra2 45. Ke4 Rc2 46.
c5 Ke6 47. Nxg4 hxg4 48. Rb3 Re2+ 49. Kf4 Rd2 50. Rb4 b5 51. cxb6 axb6 52. Kxg4
b5 53. Kf4 Rf2+ 54. Ke4 Re2+ 55. Kf3 Ra2 56. Rb3 Rd2 57. Ke4 Re2+ 58. Re3 Rg2
59. Rc3 Re2+ 60. Kf3 Ra2 61. Rxc6+ Kd5 62. Rc3 Kxd4 63. Re3 Ra1 64. e6 Rf1+ 65.
Ke2 1-0